Riconosci il Calciatore - Quiz n°55 - Statistics

Statistiche generali
  • Questo quiz è stato fatto 20 volte
  • Il punteggio medio è 12 su 20
Statistiche sulle risposte
Indizio Risposta % Corretto
Ruolo Difensore
100%
Nazionalità Slovacchia
100%
Squadra di club 7 Spartak Trnava 2021-2022
87%
Data di nascita 15/12/1984
73%
Trofei per club Campionato slovacco giovanile: 1 2001
Campionato russo: 1
Zenit San Pietroburgo: 2007
Coppa di Lega inglese: 1
Liverpool: 2011-2012
Campionato turco: 1
Basaksehir: 2019-2020
73%
Squadra di club 6 İstanbul Başakşehir 2019-2021
73%
Squadra di club 5 Atalanta 2019-2019
67%
Squadra di club 4 Fenerbahçe 2018-2019
67%
Gol nei club 35
60%
Squadra di club 3 Liverpool 2008-2016
60%
Trofei per nazionali 0
53%
Presenze nei club 661
53%
Squadra di club 1 Laugaricio Trenčín 2001-2004
53%
Squadra di club 2 Zenit San Pietroburgo 2004-2008
53%
Gol in nazionale 6
47%
Trofei individuali Calciatore slovacco dell'anno: 4 2007, 2008, 2011, 2012
47%
Presenze in nazionale 104
40%
Altezza 191 cm
40%
Peso 83 kg
40%
Calciatore Martin Škrtel
40%
Nessun quiz corrispondente trovato
Distribuzione punteggi
Percentuale di utenti per punteggio
Percentile per numero di risposta
I tuoi punteggi nel tempo
Non hai fatto questo quiz